ბათუმის შოთა რუსთაველის სახელმწიფო უნივერსიტეტის ბიბლიოთეკა

Международная защита прав человека / (ბიბ.ჩანაწერი № 58832)

000 -LEADER
fixed length control field 00875nam a2200169 4500
003 - CONTROL NUMBER IDENTIFIER
control field Ge_BSU
005 - DATE AND TIME OF LATEST TRANSACTION
control field 20221006104748.0
008 - FIXED-LENGTH DATA ELEMENTS--GENERAL INFORMATION
fixed length control field 221006s2017 rus||||| |||| 00| 0 ru d
020 ## - INTERNATIONAL STANDARD BOOK NUMBER
International Standard Book Number 9785209075097
080 ## - UNIVERSAL DECIMAL CLASSIFICATION NUMBER
Universal Decimal Classification number 341.231.14(075.8) M-63
245 ## - TITLE STATEMENT
Title Международная защита прав человека /
Statement of responsibility, etc. Под ред. А. Х. Абашидзе; Федеральное гос. автономн. образоват. учреждение высшего образования, Российский ун-т дружбы народов, Юридич. ин-т кафедра международного права.
264 ## - PRODUCTION, PUBLICATION, DISTRIBUTION, MANUFACTURE, AND COPYRIGHT NOTICE
Place of production, publication, distribution, manufacture Москва :
Name of producer, publisher, distributor, manufacturer РУДН,
Date of production, publication, distribution, manufacture, or copyright notice 2017.
300 ## - PHYSICAL DESCRIPTION
Extent 466 стр. ;
Other physical details 20 см.
653 ## - INDEX TERM--UNCONTROLLED
keyword ადამიანის უფლებები
700 ## - ADDED ENTRY--PERSONAL NAME
Personal name Абашидзе, А. Х.
Relator term რედაქტორი
9 (RLIN) 432
942 ## - ADDED ENTRY ELEMENTS (KOHA)
Source of classification or shelving scheme
Koha item type წიგნი
ეგზემპლარები
Withdrawn status Lost status Source of classification or shelving scheme Damaged status Not for loan Permanent Location Current Location Shelving location Date acquired Cost, normal purchase price Full call number Barcode Date last seen Copy number Price effective from Koha item type Public note
          ბათუმის შოთა რუსთაველის სახელმწიფო უნივერსიტეტის მთავარი ბიბლიოთეკა ბათუმის შოთა რუსთაველის სახელმწიფო უნივერსიტეტის მთავარი ბიბლიოთეკა წიგნსაცავი 2022-10-06 12.00 341.231.14(075.8) M-63 28605 2022-10-06 28605 2022-10-06 წიგნი 12 ლ.
          ბათუმის შოთა რუსთაველის სახელმწიფო უნივერსიტეტის მთავარი ბიბლიოთეკა ბათუმის შოთა რუსთაველის სახელმწიფო უნივერსიტეტის მთავარი ბიბლიოთეკა წიგნსაცავი 2022-10-06 12.00 341.231.14(075.8) M-63 28606 2022-10-06 28606 2022-10-06 წიგნი 12 ლ.